000 00570nam a2200145 a 4500
008 120416s1973 ||||||||||||||||| || u
050 _aHD 82 Pol
245 0 4 _aThe political economy of development and underdevelopment
_cedited by Charles K. Wilber
260 _aNew York
_bRandom House
_c1973
300 _ax, 434p. : ill.
350 _a0.00
650 _aPOLITICAL ECONOMICS--DEVELOPING COUNTRIES
650 0 _aECONOMICS
995 _D0.00
_FCBU-MAIN LIBRARY (Kitwe)
_H1
_I0.00
_M1
_UDAMAGED
_ZMain Library Open Access Collection
999 _c53907
_d53907